Návrh úprav osobného vozidla potrebných na splnenie legislatívou stanovených požiadaviek na škodlivé emisie

Salvato in:
Dettagli Bibliografici
Autore principale: Hladík, Matej (Autore)
Altri autori: Petrák, Peter (Relatore della tesi)
Natura: Manoscritto Libro
Lingua:slovacco
Pubblicazione: 2025
Soggetti:
Accesso online:http://is.stuba.sk/zp/portal_zp.pl?podrobnosti=184795
Tags: Aggiungi Tag
Nessun Tag, puoi essere il primo ad aggiungerne!!

MARC

LEADER 00000ntm a22000003a 4500
001 stuzp104172
003 SK-STU
005 20250628211304.4
007 ta
008 150427s2015----xo-----f-mn---000-0-slo-d
040 |a STU  |b slo 
041 0 |a slo 
100 1 |a Hladík, Matej  |u 020030  |4 aut  |U SjF Strojnícka fakulta  |T SjF Ústav automobilového inžinierstva a konštruovania  |X 116860  |U J0030  |Y 806  |7 116860 
242 0 1 |a Proposal for modifications to a passenger vehicle necessary to meet legislative requirements for harmful emissions  |y eng 
245 1 0 |a Návrh úprav osobného vozidla potrebných na splnenie legislatívou stanovených požiadaviek na škodlivé emisie 
260 |c 2025 
650 4 |a emisné normy,  |2 slo 
650 4 |a TSI motor  |2 slo 
650 4 |a zážihový motor,  |2 slo 
650 4 |a TSI motor  |2 slo 
650 4 |a emission standards  |2 eng 
650 4 |a spark-ignition engine  |2 eng 
650 4 |a TSI engine  |2 eng 
650 4 |a Euro 7  |2 eng 
700 1 |a Petrák, Peter  |u 020030  |k Z1  |4 ths  |U SjF Strojnícka fakulta  |T SjF Ústav automobilového inžinierstva a konštruovania  |X 2414  |U J0030  |Y 806  |7 A000002414 
856 4 |u http://is.stuba.sk/zp/portal_zp.pl?podrobnosti=184795